| 000 | 00440nam a2200157Ia 4500 | ||
|---|---|---|---|
| 008 | 160316s1973 xxu||||| |||| 00| 0 eng d | ||
| 082 |
_a343.080000 _bMUE-1 |
||
| 100 | _aMueller Rudolf | ||
| 245 | _aThe German law against restraints of competition : Bilingual edition with introduction | ||
| 250 | _a | ||
| 260 |
_aGermany _bFritz Knapp Valag _c1973 |
||
| 300 |
_a207p _b _c |
||
| 365 | _bP.9.00 | ||
| 650 | _a | ||
| 700 |
_aScheider Hannes _a |
||
| 999 |
_c4134 _d4134 |
||